[Event "Prague op-B 10th"]
[Site "Prague"]
[Date "2011.01.07"]
[Round "1"]
[White "Kudrna, Zdenek"]
[Black "Golcman, Evgeny"]
[Result "0-1"]
[WhiteElo "1758"]
[BlackElo "2298"]
[PlyCount "78"]
[EventDate "2011.01.07"]
[EventType "swiss"]
[EventRounds "9"]
[EventCountry "CZE"]
[SourceTitle "CBM 140 Extra"]
[Source "ChessBase"]
[SourceDate "2011.03.01"]
[SourceVersion "1"]
[SourceVersionDate "2011.03.01"]
[SourceQuality "1"]

1. e4 e5 2. Nf3 Nc6 3. Bc4 Be7 4. 0-0 Nf6 5. d3 0-0 6. Bg5 d6 7. Nbd2 Be6 8. c3 h6 9. Bh4 Qd7 10. Re1 Rad8 11. d4 exd4 12. cxd4 d5 13. Ne5 Nxe5 14. dxe5 Nxe4 15. Bxe7 Qxe7 16. Nxe4 dxe4 17. Qc2 Bxc4 18. Qxc4 Qxe5 19. Qxe4 Qxe4 20. Rxe4 Rd2 21. b3 Rfd8 22. Kf1 Rc2 23. Re2 Rdd2 24. Rxd2 Rxd2 25. a3 Kf8 26. Re1 Rd3 27. Rb1 Ke7 28. Ke2 Rd5 29. Rc1 Kd6 30. Rc3 Re5+ 31. Kf3 c5 32. g3 f5 33. h4 g5 34. hxg5 hxg5 35. Rd3+ Rd5 36. Re3 Rd4 37. Ke2 Re4 38. Kd3 Rxe3+ 39. fxe3 Kd5 0-1